[Event "FIDE Online-ch U14 Open 2020"]
[Site "Online"]
[Date "2020.12.19"]
[Round "3.1"]
[White "Gukesh D"]
[Black "Lazavik, Denis"]
[Result "1-0"]
[WhiteElo "2563"]
[BlackElo "2436"]
[Annotator "TA"]
[PlyCount "153"]
[EventDate "2020.12.19"]
[EventType "k.o."]
[EventCountry "NET"]
[SourceTitle "playchess.com"]
[Source "ChessBase"]
[SourceQuality "1"]

{[%evp 9,153,2,1,0,7,0,7,-6,0,0,0,-9,5,-5,-14,-6,0,0,0,-5,0,-16,-21,-19,-18,-25,-35,-35,-22,-61,-42,-48,-10,-48,-49,-43,-29,-41,-31,-67,62,-26,-24,-25,-26,-69,0,-14,0,0,13,0,16,0,0,0,63,0,0,0,0,0,0,0,71,97,95,97,328,315,414,394,511,383,365,367,380,370,414,404,409,395,389,345,355,344,480,482,479,323,315,332,316,296,571,565,606,604,571,570,577,577,645,631,623,587,535,329,382,358,337,340,804,787,1051,1046,983,970,835,822,783,453,462,462,461,454,552,415,756,744,813,710,775,696,4134,4134,1991,1853,29972,5248,4922,4922,29984,29985,29985,29986]} 1. d4 d5 2. Nf3 Nf6 3. Bf4 e6 4. e3 Bd6 5. Nbd2 O-O 6. Bd3 {D02: 1 d4 d5 2 Nf3 sidelines, including 2...Nf6 3 g3 and 2...Nf6 3 Bf4.} Bxf4 7. exf4 b6 8. Qe2 {The position is equal.} a5 9. O-O Ba6 10. Ne5 c5 {[#]} 11. dxc5 $146 ({Predecessor:} 11. Bxa6 Nxa6 12. Ndf3 Qc8 13. Qb5 Qb7 14. dxc5 Nxc5 15. Nd4 Nfd7 16. Nec6 Qc7 17. g3 {½-½ (35) Shen,Y (2465)-Nakhbayeva,G (2314) Riadh 2017}) 11... bxc5 12. c4 Qb6 13. Ndf3 Nc6 14. Nxc6 Qxc6 15. Rac1 d4 16. Ne5 Qc7 17. Rc2 Bb7 18. Re1 g6 19. g3 Rae8 20. f3 Nh5 21. Ng4 f6 22. Be4 Bc8 {White must now prevent ...f5.} 23. Nf2 Kg7 24. Qd1 e5 (24... f5 $15 25. Bd3 {[#]} g5 $1 {[%mdl 512]} 26. fxg5 Nxg3) 25. fxe5 ({White should try} 25. Bd5 $1 $14) 25... fxe5 $11 26. Rce2 Nf6 27. Bc2 Nd7 (27... Bb7 $15 28. Ne4 Re7) 28. Be4 Nb6 29. b3 Bf5 (29... Be6 {looks sharper.} 30. Nd3 Nd7 31. Qc1 Bf5 32. Kg2 Rf7) 30. Nd3 Nd7 31. Bxf5 gxf5 32. Qd2 Qd6 (32... h6 $11) 33. Qg5+ (33. Qxa5 $14 Rf7 34. Qd2) 33... Kh8 34. Qh4 Re6 35. Qg5 Rg6 36. Qh5 {[%cal Rd3e5]} e4 (36... Rh6 $11 {remains equal.} 37. Qg5 Re6) 37. fxe4 $16 fxe4 38. Rxe4 {Strongly threatening Re7.} Nf6 $2 {Loses the game.} (38... Rxg3+ $16 39. hxg3 Qxg3+ 40. Kh1 Rg8) 39. Qe5 $18 ({Not} 39. Qxc5 $2 Rxg3+ 40. Kh1 (40. hxg3 $2 Qxg3+ {[%mdl 64] Double Attack} 41. Kf1 Qxd3+ {[%mdl 64] Double Attack} 42. R4e2 Qh3+ 43. Rg2 Qh1+ 44. Ke2 Re8+ 45. Kd3 Qh3+ 46. Kxd4 Rd8+ 47. Qd5 Nxd5 $19) 40... Qxc5 $19) 39... Qb6 {If only Black now had time for ...Re8....} 40. R4e2 a4 41. Qxc5 Qxc5 42. Nxc5 axb3 43. axb3 Rb8 44. Rd2 Rg5 45. Ne6 {[%mdl 64] Double Attack} Rg4 46. Nxd4 Ne4 47. Rde2 Nd6 48. Rd1 Ne4 {Black hopes to continue with ...Nc3.} 49. Re3 Rd8 50. Ree1 {Hoping for h3.} Nc5 51. Nf5 Rb8 $2 (51... Rxd1 {was worth a try.} 52. Rxd1 Nxb3) 52. Rd5 Nxb3 53. Rb1 Rgg8 54. Nd6 Rgf8 55. Kg2 Rb4 56. c5 Rd4 57. Rxd4 ({Weaker is} 57. Rxb3 Rxd5 58. Ne4 Rd4 $11) 57... Nxd4 {[%mdl 4096] Endgame KRN-KRN} 58. Rb7 Ra8 59. h4 Ra2+ 60. Kh3 Rc2 $2 (60... h5 61. Ne4 Ne2) 61. Ne4 {Nf6 would kill now. Cut Off at move 61} Kg8 62. Nf6+ Kf8 63. Nxh7+ Ke8 64. Nf6+ Kf8 65. Ne4 Ne6 66. Rb6 Ke7 67. c6 Kd8 68. Rb8+ Kc7 (68... Ke7 $142 69. Rb7+ Kf8) 69. Re8 Nd4 70. h5 Rc1 71. Kg4 Nxc6 72. h6 Rh1 73. Kg5 Kd7 74. Nf6+ Kd6 75. h7 Ne5 {[#]} 76. Rxe5 $1 {[%mdl 64] Promotion} Kxe5 77. Nh5 {Weighted Error Value: White=0.17/Black=0.40} 1-0

[Event "FIDE Online-ch U14 Open 2020"]
[Site "Online"]
[Date "2020.12.19"]
[Round "3.1"]
[White "Yoo, Christopher Woojin"]
[Black "Murzin, Volodar"]
[Result "1/2-1/2"]
[WhiteElo "2455"]
[BlackElo "2470"]
[Annotator "TA"]
[PlyCount "56"]
[EventDate "2020.12.19"]
[EventType "k.o."]
[EventCountry "NET"]
[SourceTitle "playchess.com"]
[Source "ChessBase"]
[SourceQuality "1"]

{[%evp 12,56,18,12,13,-6,-2,-4,-4,-28,-25,-21,-3,-20,0,0,0,0,0,-6,-4,-39,0,0,0,0,0,0,77,0,0,0,0,0,40,25,22,37,109,17,38,0,99,0,15,0,84]} 1. e4 c6 2. c4 d5 3. exd5 cxd5 4. d4 Nf6 5. Nc3 g6 6. cxd5 Nxd5 7. Bc4 Nb6 {B14: Caro-Kann: Panov-Botvinnik Attack with 5...e6 and 5...g6.} 8. Bb5+ Bd7 {[#]} 9. a4 $146 ({Predecessor:} 9. Bxd7+ N8xd7 10. Nf3 Bg7 11. O-O O-O 12. Bf4 Rc8 13. Qb3 Nf6 14. Rfd1 Nfd5 15. Be5 Nxc3 16. bxc3 Qd5 17. Rac1 Bh6 18. Rc2 Rc6 {0-1 (18) Rojas Salas,S (2194)-Fernandez,D (2466) chess.com INT 2020}) 9... Bg7 10. Nge2 O-O 11. O-O a6 12. Bxd7 Qxd7 13. Qb3 Nc8 $1 14. Be3 $36 {[%mdl 2048] White has some pressure.} Nc6 15. a5 Nd6 16. Nd5 {Threatening Nb6.} Rad8 17. Nb6 $1 {[%cal Rb6d7]} Qf5 18. d5 $1 {[%cal Rd5c6]} Ne5 19. Rac1 Nb5 (19... Rfe8 $11) 20. Rfd1 (20. Ng3 $1 $16 {[%cal Rg3f5]} Qf6 21. Ne4) 20... Nd7 $11 21. Ng3 Qf6 22. Nc4 Rc8 23. Ne4 Qf5 24. f3 Ne5 {[#]} ({Better is} 24... Be5 $14) 25. Ng3 (25. d6 $1 $16 {[%cal Rd6e7]} Rfe8 26. dxe7) 25... Qf6 26. Ne4 ({White should play} 26. Nb6 $14 Rxc1 27. Rxc1) 26... Qf5 $1 $16 {[#]} 27. Ng3 ({White should try} 27. d6 $1 $16 {[%cal Rd6e7]} Nxc4 28. dxe7) 27... Qf6 $11 28. Ne4 (28. Nb6 $11 Rxc1 29. Rxc1) 28... Qf5 $1 {Weighted Error Value: White=0.19/Black=0.12} 1/2-1/2

[Event "FIDE Online-ch U14 Open 2020"]
[Site "Online"]
[Date "2020.12.19"]
[Round "3.2"]
[White "Murzin, Volodar"]
[Black "Yoo, Christopher Woojin"]
[Result "1-0"]
[WhiteElo "2470"]
[BlackElo "2455"]
[Annotator "TA"]
[PlyCount "125"]
[EventDate "2020.12.19"]
[EventType "k.o."]
[EventCountry "NET"]
[SourceTitle "playchess.com"]
[Source "ChessBase"]
[SourceQuality "1"]

{[%evp 14,125,28,15,22,19,28,31,28,18,11,0,2,0,20,27,26,0,6,0,66,54,66,56,62,41,50,49,72,36,64,52,52,52,52,26,64,46,47,10,8,8,11,9,43,14,76,77,78,78,78,77,72,72,166,154,162,154,160,145,151,153,201,170,233,148,234,217,828,653,3008,2447,1261,439,439,439,439,439,429,423,439,439,439,406,439,439,439,429,429,302,439,437,439,439,439,439,439,439,439,334,439,439,439,237,747,705,672,431,431,430,430,430,29979,29980]} 1. e4 e6 2. d4 d5 3. exd5 exd5 4. Nf3 Nf6 5. Bd3 c5 6. O-O c4 7. Re1+ Be7 8. Bf1 O-O {C01: French: Exchange Variation.} 9. b3 cxb3 10. axb3 Nc6 {White is slightly better.} 11. h3 {Nowadays more popular than 11.Ne5.} Bf5 12. c4 Bb4 13. Bd2 {[#]} Bxd2 $146 ({Predecessor:} 13... h6 14. Bxb4 Nxb4 15. Na3 Ne4 16. Ne5 Qg5 17. Re3 Rad8 18. Qe1 a5 19. Rd1 Bh7 20. cxd5 Nxd5 {1-0 (63) Paveto,K (2453)-Penafiel,H (2193) Buenos Aires 2019}) 14. Qxd2 Be4 15. Ng5 Bg6 16. Nf3 Bh5 (16... Be4 $11) 17. Ne5 $14 dxc4 18. Nxc6 bxc6 19. Bxc4 Qc7 20. Nc3 Rfd8 21. Qe3 Qd6 22. Ne4 Nxe4 23. Qxe4 Bg6 24. Qf3 a5 25. Qc3 h6 26. Rxa5 Rxa5 27. Qxa5 Qxd4 28. Qc7 Qd2 29. Re3 Ra8 (29... Rd6 $11) 30. Rf3 $16 {White now steadily converts the win.} Qe1+ 31. Kh2 {[%cal Rc4f7]} Qe8 32. Re3 Qb8 33. Re7 Qf8 (33... Kh8 $16 {was called for.}) 34. Qxc6 $18 Kh7 35. Qc7 {[%cal Rc4f7]} Rc8 36. Qe5 f6 37. Qe3 Rc6 38. Rd7 Rc5 (38... Qc5 $142 39. Qxc5 Rxc5) 39. Qg3 Rg5 (39... h5 $16 40. Qf4 Qe8) 40. Qc7 {[#] Strongly threatening Rd8.} Be8 $2 (40... h5 41. b4 Be4) 41. Rd8 Re5 42. Bd3+ Kg8 43. Bg6 (43. Qc8 $142) 43... Bxg6 44. Rxf8+ Kxf8 {[%mdl 4096] Endgame KQ-KRB} 45. b4 Be8 46. f3 h5 47. h4 Rd5 48. Kg3 Re5 49. Kf2 Rd5 50. Qc3 Bd7 51. Qc4 Re5 (51... Rf5 {might work better.} 52. g3 g5 53. hxg5 fxg5) 52. Qd4 Ke7 53. g4 hxg4 54. fxg4 Bc6 55. Kg3 Bb5 56. g5 Kf7 57. gxf6 gxf6 58. Qg4 (58. Qd1 $142) 58... Rd5 $2 (58... Be8 59. Qc4+ Ke7) 59. Kf2 Bd7 60. Qe4 Rf5+ 61. Kg3 Kf8 62. Qa8+ Kg7 {[#]} (62... Be8 $18 63. Qc8 Re5) 63. Qb7 $1 {Weighted Error Value: White=0.36/Black=0.37} 1-0

[Event "FIDE Online-ch U14 Open 2020"]
[Site "Online"]
[Date "2020.12.19"]
[Round "3.2"]
[White "Lazavik, Denis"]
[Black "Gukesh D"]
[Result "1-0"]
[WhiteElo "2436"]
[BlackElo "2563"]
[Annotator "TA"]
[PlyCount "115"]
[EventDate "2020.12.19"]
[EventType "k.o."]
[EventCountry "NET"]
[SourceTitle "playchess.com"]
[Source "ChessBase"]
[SourceQuality "1"]

{[%evp 23,115,0,20,0,16,6,16,15,21,15,48,0,18,19,19,15,21,-8,0,0,0,0,0,0,26,25,19,-4,0,0,0,0,0,-1,-5,-12,0,-2,0,-3,0,0,91,87,89,89,91,19,19,19,25,35,34,12,31,14,114,109,189,184,285,285,533,525,642,609,518,370,391,379,347,329,321,299,504,146,504,504,441,413,912,881,1206,845,669,668,1693,1551,1888,1143,29969,29966,6390,6103]} 1. d4 d5 2. c4 e6 3. Nf3 Nf6 4. Nc3 Be7 5. Bg5 O-O 6. e3 Nbd7 7. cxd5 Nxd5 8. Bxe7 Qxe7 9. Nxd5 exd5 10. Bd3 c6 11. O-O Nf6 12. Qc2 Ne4 (12... g6 {seems wilder.} 13. Nd2 Ne8 14. Rfe1 Be6 15. f3 f5) 13. Rab1 {D61: Queen's Gambit Declined: Classical: 7 Qc2.} a5 14. Bxe4 dxe4 {[#]} 15. Nd2 $146 {The position is equal.} ({Predecessor:} 15. Ne5 Re8 16. Rfc1 Be6 17. a3 Qg5 18. Kh1 h5 19. Nc4 Rad8 20. Nd2 h4 21. h3 {0-1 (39) Tichy,V (2360)-Prandstetter,E (2395) Czechia 1997}) 15... Re8 16. Rfc1 a4 17. Qc5 f5 18. Qxe7 Rxe7 19. h4 Be6 20. a3 Ra5 21. Rc2 Rb5 22. Rbc1 h6 23. Nb1 g5 24. Nc3 Ra5 25. Re1 Kg7 26. hxg5 hxg5 27. f3 Bd5 28. Kf2 Kg6 29. Rcc1 Rh7 30. Rh1 Rxh1 31. Rxh1 exf3 32. gxf3 $11 {[%mdl 4096] Endgame KRB-KRN} g4 (32... Bc4 $11) 33. e4 $16 fxe4 34. fxe4 Be6 35. Kg3 ({White should play} 35. Rh8 $1 $16) 35... Ra8 $11 36. Ne2 {Threatens to win with Nf4+.} Kg7 37. Nf4 Re8 38. e5 Bc8 39. Rc1 Rh8 {[#]} (39... Kh6 $1 $11) 40. Rc4 $1 $16 Kf7 (40... Kh6 $16) 41. Rxa4 $18 Bd7 (41... Rd8 $142 42. Ra8 Ke8) 42. Ra7 Rb8 $2 (42... Bc8 43. Ra8 Re8) 43. a4 {[%cal Ba3a4,Ba4a5,Ba5a6][%mdl 32]} Bf5 44. a5 Ke8 45. Kh4 Kd8 46. b4 Kc7 {[#] intending ...Rh8+.} 47. a6 $1 Rh8+ 48. Kg3 Kb6 $2 (48... Bc8 49. axb7 Bxb7 50. Kxg4 Kb6) 49. Rxb7+ Kxa6 {Black cannot hold the game after this.} 50. Rf7 Bc8 51. e6 Kb5 (51... Kb6 $142 52. e7 Bd7) 52. e7 {And now Rf8 would win.} Re8 53. Nh5 Be6 54. Rh7 Bf5 55. Rg7 Ra8 56. Nf6 Ra3+ 57. Kf4 Rf3+ 58. Kg5 {Weighted Error Value: White=0.12/Black=0.53} 1-0

[Event "FIDE Online-ch U14 Open 2020"]
[Site "Online"]
[Date "2020.12.19"]
[Round "4.1"]
[White "Gukesh D"]
[Black "Murzin, Volodar"]
[Result "1/2-1/2"]
[WhiteElo "2563"]
[BlackElo "2470"]
[Annotator "TA"]
[PlyCount "73"]
[EventDate "2020.12.19"]
[EventType "k.o."]
[EventCountry "NET"]
[SourceTitle "playchess.com"]
[Source "ChessBase"]
[SourceQuality "1"]

{[%evp 9,73,12,40,-10,20,37,95,95,108,96,97,75,83,21,27,21,45,-29,0,-19,-19,-30,-25,-33,-31,-22,-32,-34,-26,-17,-19,-15,0,0,0,0,0,0,0,-38,-29,-32,-33,-37,-38,-38,-46,-84,-22,-19,0,0,0,0,0,0,0,0,0,0,0,0,0,0,0,0]} 1. e4 c5 2. Nc3 d6 3. d4 cxd4 4. Qxd4 Nf6 5. e5 {[#]} dxe5 $146 ({Predecessor:} 5... Nc6 6. Bb5 dxe5 7. Qxd8+ Kxd8 8. Bxc6 bxc6 9. Nf3 Bd7 10. Nxe5 Be8 11. O-O e6 {1-0 (63) Jones,G (2670)-Murzin,V (2465) chess.com INT 2020}) 6. Qxd8+ $1 {B23: Closed Sicilian: Lines without g3.} Kxd8 7. Nf3 e6 (7... Nc6 $14) 8. Nxe5 $16 {White is better.} Ke8 9. Nb5 Na6 {[%cal Bb8a6,Ba6b4,Bb4c2][%mdl 32]} 10. g3 Nd5 11. Bg2 ({White should try} 11. a3 $16) 11... f6 $11 12. Nc4 Nab4 13. O-O (13. Be4 $14) 13... Bd7 14. Nbd6+ Bxd6 15. Nxd6+ Ke7 16. Nxb7 {[#] Black must now prevent c4.} Nxc2 17. Rb1 Rhc8 18. Bd2 Rab8 19. Na5 Bb5 20. Rfd1 Kf7 21. Bxd5 exd5 22. Bf4 Rb6 23. Rxd5 g5 24. Be3 Nxe3 25. fxe3 Rc2 26. Nb3 Bc4 27. Rd7+ Kg6 28. Rxa7 {[#]} Bxb3 ({Better is} 28... Bd5 $1 $17 {aiming for ...Rg2+.} 29. Rd1 Bxb3 30. axb3 Rxb3) 29. axb3 {The position is equal.} Rxb3 30. Ra6 Rbxb2 31. Rxb2 Rxb2 {[%mdl 4096] Endgame KR-KR} 32. e4 Re2 33. Ra4 $1 g4 34. e5 f5 35. Ra6+ Kg5 36. Ra7 Rxe5 37. Rxh7 {Weighted Error Value: White=0.13/Black=0.10} 1/2-1/2

[Event "FIDE Online-ch U14 Open 2020"]
[Site "Online"]
[Date "2020.12.19"]
[Round "4.1"]
[White "Lazavik, Denis"]
[Black "Yoo, Christopher Woojin"]
[Result "0-1"]
[WhiteElo "2436"]
[BlackElo "2455"]
[Annotator "TA"]
[PlyCount "172"]
[EventDate "2020.12.19"]
[EventType "k.o."]
[EventCountry "NET"]
[SourceTitle "playchess.com"]
[Source "ChessBase"]
[SourceQuality "1"]

{[%evp 11,172,4,48,27,45,22,32,51,46,50,45,46,40,40,32,39,37,0,5,0,0,-8,-6,-8,-15,-7,0,-68,-68,-121,-57,-102,-108,-102,-102,-102,-98,-162,-170,-268,-266,-213,-224,-223,-215,-245,-158,-147,-145,-344,-339,-307,-288,-275,-266,-396,-396,-378,-225,-254,-255,-393,-391,-391,-360,-360,-312,-211,-189,-500,-454,-477,-475,-304,-257,-946,-920,-786,-787,-1256,-1215,-856,-1008,-768,0,-522,0,0,0,0,0,0,0,-8,-8,-47,-47,-47,-47,-47,-47,-47,-47,-47,-47,-47,-47,-47,-47,-47,-47,-47,-47,-47,-47,-47,-47,-47,-47,-47,-47,-47,-47,-47,-47,-47,0,-47,-47,-47,-47,-47,-47,-47,-47,-47,-47,-47,0,-47,-47,-47,-47,-47,-47,-47,-47,-47,-47,-47,-47,-47,-47,-29970,-29969,-29984,-29985,-29988,-29989,-29989,-29990,-29990,-29991]} 1. d4 Nf6 2. c4 e6 3. Nf3 d5 4. Nc3 dxc4 5. e4 Bb4 6. Bg5 b5 7. a4 {D39: Queen's Gambit Declined: Ragozin Defence with 5 Bg5 dxc4.} c5 8. axb5 cxd4 9. Nxd4 {White is slightly better.} h6 10. Bxf6 Qxf6 11. Bxc4 O-O 12. O-O Bb7 13. Qb3 {[%cal Rd4e6]} Bc5 14. Nf3 (14. Nxe6 $5 fxe6 15. Bxe6+ Kh8 16. Bd5 $14) 14... Nd7 15. Rad1 Rfd8 {[#]} 16. Bd3 $146 ({Predecessor:} 16. Na4 Bf8 17. Qe3 Nb6 18. b3 Rac8 19. Nxb6 axb6 20. e5 Qg6 21. Bd3 Qg4 22. h3 {½-½ (45) Livaic,L (2495)-Praggnanandhaa,R (2602) chess.com INT 2020}) 16... Rac8 17. Bb1 g5 18. h3 h5 19. Ne2 ({White should try} 19. Na4 $11) 19... Bb6 $15 20. Kh1 (20. Nh2 $15) 20... Nc5 (20... g4 $17 21. hxg4 hxg4) 21. Qb4 Rxd1 22. Rxd1 Rd8 $1 $36 {[%cal Rd8d1][%mdl 2048] White is under strong pressure.} 23. Rxd8+ Qxd8 24. Qe1 (24. Qd4 $17) 24... Bxe4 $19 25. Ng3 (25. Kg1 {was called for.}) 25... Bxb1 $1 26. Qxb1 g4 27. hxg4 hxg4 28. Ne1 Nb7 29. Kg1 Nd6 30. Qd1 $2 {[#]} (30. Qc1 $17 {might work better.}) 30... Bxf2+ $1 {[%mdl 576] Double Attack} 31. Kf1 (31. Kxf2 Ne4+) 31... Qh4 ({Less strong is} 31... Bxg3 32. Qxg4+ Kf8 33. Qxg3 $17) 32. Kxf2 Ne4+ $1 {[%mdl 64] Double Attack} 33. Kg1 (33. Ke2 $142 Nxg3+ 34. Kd2) 33... Qxg3 (33... Nxg3 $2 34. Qa4 $19) 34. Qe2 Ng5 (34... f5 $142 35. Nd3 Qc7) 35. Kf1 f5 36. Qf2 (36. Qd2 {was necessary.} Nf7 37. Qc3 Qf4+ 38. Kg1) 36... Qxf2+ 37. Kxf2 {[%mdl 4096] Endgame KN-KN} Ne4+ 38. Ke3 Nd6 39. Kd4 Nxb5+ 40. Kc5 $2 (40. Ke5 {nothing else works.} Kf7 41. Nd3) 40... a6 $1 41. Kb6 e5 42. Kxa6 Nd4 43. Kb6 $2 (43. b4 f4 44. b5) 43... Kf7 44. Kc5 Ke6 45. b4 f4 46. Nd3 g3 47. Ne1 Kf5 $2 ({Better is} 47... Nf5 $19 48. Nf3 e4) 48. Kd5 $2 {[%mdl 8192] [#]} (48. b5 $11 {and White has nothing to worry.}) 48... Kg4 $2 (48... f3 $1 $19 {[%cal Rf3f2][%mdl 512]} 49. gxf3 (49. Nxf3 Nxf3) 49... Kf4 50. Ng2+ Kxf3) 49. Kxe5 $11 Nc6+ {[%mdl 64] Double Attack} 50. Ke4 Nxb4 51. Nf3 Nc6 52. Kd3 Ne7 {Hoping for ...Kf5.} 53. Ke2 Ng6 54. Kf1 Nh4 55. Nd4 Nf5 56. Nf3 Ne3+ 57. Kg1 Kf5 58. Nh4+ Ke4 59. Nf3 Nc4 60. Nh4 Nd2 61. Ng6 {Cut Off at move 61} Nb3 (61... Ke3 {is interesting.} 62. Nf8 Kd3 63. Ne6 Ke4 64. Nf8 Ke5) 62. Kf1 Nd4 63. Nh4 Ke5 (63... Kd5 {feels hotter.} 64. Ng6 Ne6 65. Ne7+ Ke5 66. Ke2 Nd4+) 64. Ng6+ $1 Kf5 65. Ne7+ Ke4 66. Ng6 Ne6 67. Nh4 Ng5 {And now ...Nf7 would win.} 68. Ke2 Ne6 69. Kf1 Ng7 {aiming for ...Nf5.} 70. Nf3 $1 Nf5 {...Nd4 is the strong threat.} 71. Nd2+ Ke3 72. Nc4+ Kd3 73. Ne5+ $1 Ke4 74. Nf3 Ne3+ 75. Kg1 Nc2 {White must now prevent ...Nd4.} 76. Kf1 Nb4 {Strongly threatening ...Ke3.} 77. Nd2+ Kd3 78. Nf3 Nc6 {Threatens to win with ...Ke3.} 79. Ne1+ Ke4 {( -> ...Nd4)} 80. Nf3 Ne5 81. Ng5+ Kf5 82. Nh3 $2 {[%mdl 8192] [#]} (82. Nh7 $15) 82... Nc4 $1 {[%cal Rc4e3] Black mates.} 83. Kg1 Kg4 84. Kh1 f3 85. Kg1 Ne3 86. gxf3+ Kxh3 {Weighted Error Value: White=0.61/Black=0.22} 0-1

[Event "FIDE Online-ch U14 Open 2020"]
[Site "Online"]
[Date "2020.12.19"]
[Round "4.2"]
[White "Murzin, Volodar"]
[Black "Gukesh D"]
[Result "1/2-1/2"]
[WhiteElo "2470"]
[BlackElo "2563"]
[Annotator "TA"]
[PlyCount "77"]
[EventDate "2020.12.19"]
[EventType "k.o."]
[EventCountry "NET"]
[SourceTitle "playchess.com"]
[Source "ChessBase"]
[SourceQuality "1"]

{[%evp 9,77,-4,-7,-8,24,12,20,31,19,14,15,14,27,19,16,13,33,31,31,28,46,41,41,12,41,50,56,27,29,22,34,7,7,0,0,0,48,48,48,48,55,52,55,52,55,29,29,30,29,16,64,55,55,55,130,57,57,62,55,55,55,29,55,55,55,0,55,0,64,0]} 1. e4 c6 2. Nf3 d5 3. d3 dxe4 4. dxe4 Qxd1+ 5. Kxd1 Nf6 6. Nbd2 {B10: Caro-Kann: 2 d3 and 2 c4.} Bg4 7. Be2 Nbd7 8. Ne1 {The position is equal.} Bxe2+ 9. Kxe2 Nc5 10. f3 {[#]} g6 $146 ({Predecessor:} 10... Nfd7 11. Nc4 g6 12. h4 Bg7 13. h5 f5 {½-½ (13) Yankelevich,L (2480)-Teja,R (2420) Vienna 2019}) 11. Nd3 Nxd3 12. cxd3 e5 13. Nc4 Nd7 14. Be3 c5 15. a4 f6 16. g4 Be7 17. h4 Kf7 18. h5 g5 19. Rhc1 Nf8 20. Rc3 Ne6 21. Rb3 Rab8 22. Na3 Rhd8 23. Nb5 Ra8 24. Nc3 Rd7 25. Nd5 Rc8 26. Rc1 Rc6 27. Rc4 Bd8 28. Rbc3 {[%cal Re3c5]} b6 29. Rc1 Rcd6 30. b4 cxb4 31. Nxb4 Rc7 {[#]} (31... Nc7 $14) 32. Nd5 (32. Rxc7+ $1 $16 Bxc7 33. Nc6) 32... Rxc4 $14 33. Rxc4 Rd7 34. Rc8 Be7 35. Ra8 Kg7 36. Re8 Kf7 37. Ra8 ({Reject} 37. Rxe7+ Rxe7 38. Nxe7 Kxe7 $17) 37... Kg7 38. Re8 Kf7 39. Ra8 {Weighted Error Value: White=0.13/Black=0.10} ({Of course not} 39. Rxe7+ Rxe7 40. Nxe7 Kxe7 $15) (39. Rb8 $14) 1/2-1/2

[Event "FIDE Online-ch U14 Open 2020"]
[Site "Online"]
[Date "2020.12.19"]
[Round "4.2"]
[White "Yoo, Christopher Woojin"]
[Black "Lazavik, Denis"]
[Result "1/2-1/2"]
[WhiteElo "2455"]
[BlackElo "2436"]
[Annotator "TA"]
[PlyCount "31"]
[EventDate "2020.12.19"]
[EventType "k.o."]
[EventCountry "NET"]
[SourceTitle "playchess.com"]
[Source "ChessBase"]
[SourceQuality "1"]

{[%evp 9,31,27,22,18,28,-2,55,51,45,46,117,118,126,125,139,136,136,134,98,0,112,0,93,0]} 1. d4 d5 2. c4 e6 3. Nf3 Nf6 4. Nc3 a6 5. cxd5 exd5 6. Bg5 {D37: Queen's Gambit Declined: 5 Bf4.} Be6 7. Qb3 {And now Bxf6 would win.} Ra7 {[#]} (7... Nbd7 $11) 8. e4 $146 {White is slightly better.} ({Predecessor:} 8. e3 Nbd7 9. Bd3 Bd6 10. Qc2 c6 11. O-O h6 12. Bf4 Qb8 13. Bxd6 Qxd6 14. Rab1 {½-½ (86) Sarana,A (2654)-Esipenko,A (2682) chess.com INT 2020}) 8... dxe4 9. d5 $1 {[%cal Rd5e6]} exf3 (9... Bf5 $1 $14 10. Nh4 Bg6) 10. dxe6 $16 fxe6 {[#]} 11. Be3 $1 ({Resist} 11. Qxe6+ $6 Qe7 $14) 11... c5 12. Qxe6+ Qe7 13. Qc8+ {[%mdl 1024] White has strong compensation.} Qd8 14. Qe6+ Qe7 15. Qc8+ Qd8 16. Qe6+ {Weighted Error Value: White=0.22/Black=0.28} ({Better is} 16. Qxd8+ $16 Kxd8 17. O-O-O+ (17. gxf3 Nc6 $16) 17... Ke8 18. gxf3) 1/2-1/2